000 01170nam a2200277Ia 4500
003 OSt
005 20221005111812.0
006 a|||||r|||| 00| 0
007 ta
008 221004b |||||||| |||| 00| 0 hin d
020 _a9789381720585 (hbk)
_c500
024 _a20765
037 _b87, 09/02/2015, Mallika Books
_cTextual
040 _aCRL
_cCRL
_bhin
041 _2hin
_ahin
082 _aO152:g(P:75), Q3
100 _aकेशरी, विसेश्वर प्रसाद
245 0 _aसाहित्य के तत्व और आयाम
_b साहित्य के तत्वों का वैज्ञानिक अध्ययन
246 _aSāhitya ke tatva aur āyāma: sāhitya ke tatvoan kā vaijnyānik adhyayana
250 _a4 संस्करण
260 _aरॉंची
_bझारखण्ड झरोखा भारत
_c2013
300 _a216पृ0
_ccm.
650 _aहिन्दी साहित्य
942 _hO152:g(P:75), Q3
_cTEXL
_2cc
999 _c1022955
_d1022955